000 00567nam a2200193Ia 4500
005 20250317125752.0
008 008 250317s9999 xx 000 0 eng d
020 _a0-7494-0041-2
037 _aTextbook
040 _aFMSL
_beng
_cFMSL
041 _aeng
_2eng
084 _aX9D NO
_qFMSL
100 _aInd Nicholas
_9235919
245 0 _aCorporate image: strategies for effective identify programmes
260 _aLondon Kogan Page
_bLondon Kogan Page
_c1990
300 _a205p
942 _cTB
_hX9D NO
999 _c1260884
_d1260884